| 000 | 01176nam a22002891i 4500 | ||
|---|---|---|---|
| 003 | SA-RiAUC | ||
| 005 | 20241202140454.0 | ||
| 008 | 241128s1980 mr g b 000 0 ara c | ||
| 040 |
_aJO-IrYU _bara _cSA-RiAUC _erda |
||
| 082 | 0 | 4 |
_a252.5 _qSA-RiAUC |
| 090 |
_a252.5 _bو ر ط |
||
| 100 | 1 |
_aالورطاسي، قدور، _d1912-1994 _eمؤلف. |
|
| 245 | 1 | 0 |
_aفقه المناسك على مذهب الإمام مالك / _cتأليف قدور بن علي الورطاسي. |
| 250 | _aالطبعة الأولى. | ||
| 264 | 1 |
_aالدار البيضاء، المغرب : _bدار الثقافة، _c1980 |
|
| 300 |
_a239 صفحة : _bصور دينية ؛ _c22 سم |
||
| 336 |
_aنص _btxt _2rdacontent _3كتاب |
||
| 337 |
_aبدون وسيط _bn _2rdamedia |
||
| 338 |
_aمجلد _bnc _2rdacarrier |
||
| 504 | _aببليوجرافية : صفحة 231 -239. | ||
| 600 | 1 | 7 |
_aالإمام مالك، مالك بن أنس بن مالك، _d93-179 هجري _2aucnm |
| 650 | 7 |
_aالحج _2aucsh |
|
| 650 | 7 |
_aالفقه المالكي _2aucsh |
|
| 650 | 7 |
_aالعبادات (فقه إسلامي) _2aucsh |
|
| 942 |
_2ddc _cBOOK _n0 |
||
| 949 |
_aSA-JeALM _d241128 _uosman123 _n1 |
||
| 999 |
_c2948 _d2948 |
||